When We Were Young- Adele (25) - Statistics

General Stats
  • This quiz has been taken 1,056 times
    1,005 since last reset
  • The average score is 328 of 376
Answer Stats
Answer % Correct
you
100%
You
100%
I
99%
a
98%
the
98%
we
98%
We
98%
were
98%
when
97%
When
97%
young
97%
be
96%
like
96%
me
96%
so
96%
is
95%
it
95%
It
95%
in
94%
In
94%
movie
94%
this
94%
of
93%
Of
93%
To
93%
to
93%
go
92%
photograph
92%
song
92%
time
92%
Before
91%
last
91%
Let
91%
My
91%
my
91%
That
91%
that
91%
do
90%
Do
90%
case
89%
sound
88%
us
88%
look
87%
old
87%
getting
86%
god
86%
here
86%
move
86%
reminds
86%
way
86%
what
86%
just
85%
Just
85%
light
85%
Everybody
84%
exactly
84%
From
84%
loves
84%
things
84%
was
84%
might
83%
realized
83%
You're
83%
you're
83%
talk
81%
feel
80%
made
80%
watching
80%
Cause
79%
come
79%
dream
79%
true
79%
scared
78%
by
77%
And
76%
Can
75%
have
75%
home
75%
know
75%
all
73%
moment
73%
used
72%
been
70%
if
70%
I've
70%
restless
70%
someone
70%
alone
69%
But
69%
long
69%
myself
69%
night
69%
Hoping
67%
chance
65%
face
65%
told
65%
fears
64%
still
64%
you'd
64%
Nobody
61%
sad
59%
left
56%
said
56%
It's
55%
on
55%
That's
52%
there
51%
overseas
49%
reckless
48%
moved
47%
swear
45%
hard
44%
part
43%
back
42%
I'd
41%
care
39%
Care
39%
makes
39%
Everything
36%
holding
36%
keeps
35%
takes
34%
win
30%
gone
25%
hasn't
24%
guess
14%
No matching quizzes found
Score Distribution
Percent of People with Each Score
Percentile by Number Answered
Your Score History
You have not taken this quiz since the last reset